Implementácia programového rozpočtovania v praxi územnej samosprávy v podmienkach Slovenskej republiky

Programové rozpočtovanie. Porovnanie klasického (tradičného) a programového rozpočtu. Dokumenty Ministerstva financií SR pre úspešnú implementáciu programového rozpočtovania v miestnej a regionálnej územnej samospráve. Projekt pilotnej implementácie programového rozpočtovania v územnej samospráve. Š...

Ausführliche Beschreibung

Gespeichert in:
Bibliographische Detailangaben
1. Verfasser: Kozovský, Dušan
Format: Buchkapitel
Sprache:Slowakisch
Schlagworte:
Tags: Tag hinzufügen
Keine Tags, Fügen Sie das erste Tag hinzu!

MARC

LEADER 00000nla$a2200000$$$4500
001 0105502
005 20240502083250.6
041 0 |a slo 
044 |a CZ 
245 1 0 |a Implementácia programového rozpočtovania v praxi územnej samosprávy v podmienkach Slovenskej republiky  |c Dušan Kozovský 
520 |a Programové rozpočtovanie. Porovnanie klasického (tradičného) a programového rozpočtu. Dokumenty Ministerstva financií SR pre úspešnú implementáciu programového rozpočtovania v miestnej a regionálnej územnej samospráve. Projekt pilotnej implementácie programového rozpočtovania v územnej samospráve. Štandardizácia rozpočtového procesu a vytvorenie regulačného rámca. Monitorovanie a hodnotenie programového rozpočtovania. Zahraničné skúsenosti v programovom rozpočtovaní. Analýza a zhodnotenie prvých skúseností z programového rozpočtovania na úrovni územnej samosprávy - na vzorke vybraných samospráv. 
610 2 0 |a rozpočtovanie 
610 2 0 |a rozpočty verejné 
610 2 0 |a plánovanie rozpočtové 
610 2 0 |a pravidlá rozpočtové 
610 2 0 |a samospráva regionálna 
610 2 0 |a samospráva miestna 
610 2 0 |a financie verejné 
610 2 0 |a programy 
610 2 0 |a legislatíva 
100 1 |a Kozovský, Dušan